| 000 | 01357cam a22003495i 4500 | ||
|---|---|---|---|
| 003 | EG-ScBUE | ||
| 005 | 20251210092908.0 | ||
| 008 | 150819s2005 nyua f bd 001 0deng d | ||
| 020 | _a0824708067 (acid-free paper) | ||
| 020 | _a9780824708061 | ||
| 040 |
_aEG-ScBUE _beng _erda _cEG-ScBUE _dEG-ScBUE |
||
| 082 | 0 | 4 |
_a547.7 _bCAR _222 |
| 100 | 1 |
_aCarraher, Charles E., _931181 _cJr., _d1941- _eauthor. |
|
| 245 | 1 | 0 |
_aSeymour/Carraher's polymer chemistry / _cCharles E. Carraher, Jr., College of Science, Florida Atlantic University, Boca Raton, and Florida Center for Environmental Studies, Palm Beach Gardens, Florida, U.S.A. |
| 246 | 3 | 0 | _aPolymer chemistry |
| 250 |
_aSixth edition, _brevised and expanded. |
||
| 264 | 1 |
_aNew York : _bMarcel Dekker, INC., _c2005. |
|
| 300 |
_axxxvii, 913 pages : _billustrations ; _c27 cm. |
||
| 336 |
_2rdacontent _atext _btxt |
||
| 337 |
_aunmediated _2rdamedia _bn |
||
| 338 |
_avolume _bnc _2rdacarrier |
||
| 490 | 0 |
_aUndergraduate chemistry ; _v16 |
|
| 500 | _aIncludes glossary. | ||
| 500 | _aIncludes Appendices. | ||
| 504 | _aIncludes bibliographical references and index. | ||
| 600 | 1 | 7 |
_aSeymour, Raymond B. _q(Raymond Benedict), _d1912-1991. _2BUEsh |
| 650 | 7 |
_aPolymers. _2BUEsh |
|
| 650 | 7 |
_aPolymerization. _2BUEsh |
|
| 653 |
_bPPhrm _cAugust2015 |
||
| 655 | _vReading book | ||
| 942 |
_cBB _2ddc |
||
| 999 |
_c7953 _d7953 |
||